[Event "Schack SM"]
[Site "Borlänge"]
[Date "2014.07.15"]
[Round "4.3"]
[White "Hillarp Persson, Tiger"]
[Black "Berg, Emanuel"]
[Result "1/2-1/2"]
[WhiteElo "2564"]
[BlackElo "2557"]
[Annotator "Ari Ziegler"]
[PlyCount "165"]
[EventDate "2014.??.??"]
[WhiteClock "0:02:35"]
[BlackClock "0:06:28"]

1. d4 Nf6 2. c4 g6 3. Nc3 Bg7 4. Nf3 O-O 5. Bg5 c5 6. d5 h6 7. Bh4 d6 8. e3 Qb6
(8... g5 9. Bg3 Nh5 10. Bd3) 9. Rb1 e6 10. Nd2 exd5 11. cxd5 Bf5 12. Nc4 Qa6
13. Rc1 b5 14. Nd2 c4 15. a4 b4 16. Na2 b3 17. Nc3 Bc2 18. Bxc4 Qb6 19. Qe2 Qb4
20. O-O Nbd7 21. Bxf6 Bxf6 22. Bd3 Bxd3 23. Qxd3 Nc5 24. Qc4 Rab8 25. Rfd1 Bxc3
26. Rxc3 Nxa4 27. Qxb4 Rxb4 28. Rxb3 Rxb3 29. Nxb3 Rb8 30. Nd4 Rxb2 31. h4 Nc3
32. Rd3 Nxd5 33. Ra3 Nf6 34. f3 Nd5 35. h5 Kg7 36. g3 Rb7 37. hxg6 fxg6 38. e4
Nc7 39. f4 a6 40. Nc6 Rb6 41. Rc3 Rb1+ 42. Kg2 Nb5 43. Rd3 Rc1 44. Nd4 Rc3 45.
Rd2 Rc4 46. Nxb5 axb5 47. Rxd6 Rxe4 48. Rb6 Rb4 49. Kh3 Rb1 50. Kg4 b4 51. Rb7+
Kf6 52. Rb6+ Kf7 53. Rb7+ Ke6 54. Rb6+ Kf7 55. Rb7+ Ke8 56. Rb6 b3 57. Rxg6 h5+
58. Kf5 Rg1 59. Re6+ Kf7 60. Rf6+ Kg7 61. Rg6+ Kf7 62. Rf6+ Kg7 63. Rg6+ Kh7
64. Rb6 Rxg3 65. Rb7+ Kg8 66. Kf6 h4 67. Rb8+ Kh7 68. Rb7+ Kh6 69. Rb8 Kh5 70.
Kf5 Rg6 71. Rxb3 Ra6 72. Rb1 h3 73. Ke4 Ra3 74. f5 Kg4 75. f6 h2 76. Rh1 Kg3
77. f7 Ra8 78. Ke5 Kg2 79. Rxh2+ Kxh2 80. Ke6 Kg3 81. Ke7 Ra7+ 82. Ke6 Rxf7 83.
Kxf7 1/2-1/2

[Event "Schack SM"]
[Site "Borlänge"]
[Date "2014.07.18"]
[Round "7.4"]
[White "Berg, Emanuel"]
[Black "Andersson, Tommy"]
[Result "1-0"]
[WhiteElo "2557"]
[BlackElo "2336"]
[PlyCount "72"]
[EventDate "2014.??.??"]
[WhiteClock "0:11:05"]
[BlackClock "0:04:01"]

1. e4 c5 2. a3 Nc6 (2... g6 $5) 3. b4 cxb4 4. axb4 Nxb4 5. c3 Nc6 6. d4 d5 7.
exd5 Qxd5 8. Na3 Bf5 9. Nb5 Rc8 10. Nxa7 Nxa7 11. Rxa7 Nf6 12. Nf3 g6 13. c4
Qe4+ 14. Be2 Bg7 15. O-O O-O 16. Ne5 Rfd8 17. Be3 Nd7 18. Bf3 Qh4 19. g3 Qf6
20. Bxb7 Rc7 21. Ra6 e6 22. Bg2 Nxe5 23. dxe5 Qe7 24. Rd6 Rdc8 25. g4 Bxe5 26.
Rd2 Qh4 27. h3 Be4 28. Bxe4 Qxh3 29. f3 Rxc4 30. Qb3 Rxe4 31. fxe4 Rc3 32. Rd8+
Kg7 33. Rxf7+ Kxf7 34. Rd7+ Kf8 35. Qb4+ Kg8 36. Rd8+ Kf7 1-0